Chemical and process thermodynamics / (Record no. 1420)
[ view plain ]
| 000 -LEADER | |
|---|---|
| fixed length control field | 00862nac a22002051u 4500 |
| 010 ## - LIBRARY OF CONGRESS CONTROL NUMBER | |
| LC control number | 99461834 |
| 020 ## - INTERNATIONAL STANDARD BOOK NUMBER | |
| International Standard Book Number | 8120325125 |
| 082 00 - DEWEY DECIMAL CLASSIFICATION NUMBER | |
| Classification number | 660.2969 |
| Item number | K993 |
| 090 ## - LOCALLY ASSIGNED LC-TYPE CALL NUMBER (OCLC); LOCAL CALL NUMBER (OCLC) | |
| -- | 1420 |
| -- | 1420 |
| 100 ## - MAIN ENTRY--PERSONAL NAME | |
| Personal name | Kyle, B. G. |
| 245 10 - TITLE STATEMENT | |
| Title | Chemical and process thermodynamics / |
| Statement of responsibility, etc | B.G. Kyle. |
| 250 ## - EDITION STATEMENT | |
| Edition statement | 3rd ed. |
| 260 ## - PUBLICATION, DISTRIBUTION, ETC. (IMPRINT) | |
| Place of publication, distribution, etc | New Delhi : |
| Name of publisher, distributor, etc | Prentice Hall of India, |
| Date of publication, distribution, etc | 2004. |
| 300 ## - PHYSICAL DESCRIPTION | |
| Extent | xxii, 760 p. : |
| Other physical details | ill. ; |
| Dimensions | 25 cm. |
| Accompanying material | 1 computer disk (5 1/4 in.). |
| 500 ## - GENERAL NOTE | |
| General note | System requirements for computer disk (programs by Y.L. Huang): IBM PC and compatibles; DOS; BASIC interpreter; floppy disk system; printer. |
| 504 ## - BIBLIOGRAPHY, ETC. NOTE | |
| Bibliography, etc | Includes bibliographical references and index. |
| 650 #0 - SUBJECT ADDED ENTRY--TOPICAL TERM | |
| Topical term or geographic name as entry element | Thermodynamics. |
| 942 ## - ADDED ENTRY ELEMENTS (KOHA) | |
| Item type | Book - Borrowing |
| Call number prefix | 660.2969K993 |
| Withdrawn status | Item status | Source of classification or shelving scheme | Damaged status | Not for loan | Vendor | Home library | Current library | Shelving location | Date acquired | Source of acquisition | Cost, normal purchase price | Total Checkouts | Full call number | Barcode | Date last seen | Cost, replacement price | Koha item type |
|---|---|---|---|---|---|---|---|---|---|---|---|---|---|---|---|---|---|
| Dewey Decimal Classification | Central Library | Central Library | First floor | 06/09/2010 | 140.00 | 660.2969 KYL | 000003027 | 15/07/2025 | 175.00 | Book - Borrowing |